U.S. Senators for West Virginia - Statistics

General Stats
  • This quiz has been taken 10 times
  • The average score is 7 of 33
Answer Stats
Hint Answer % Correct
2010-Present Joe Manchin
100%
1959-2010 Robert C. Byrd
89%
2015-Present Shelley Moore Capito
89%
1985-2015 Jay Rockefeller
78%
2010 Carte Goodwin
33%
1871-1883 Henry G. Davis
33%
1958-1985 Jennings Randolph
33%
1943, 1949, 1956-1959 Chapman Revercomb
22%
1911, 1919-1925 Davis Elkins
22%
1941-1956 Harley M. Kilgore
22%
1929-1935 Henry D. Hatfield
22%
1923-1929, 1931-1941, 1949-1958 Matthew M. Neely
22%
1899-1911 Nathan B. Scott
22%
1895-1911 Stephen B. Elkins
22%
1875-1876 Allen T. Caperton
11%
1869-1875 Arthur I. Boreman
11%
1917-1923 Howard Sutherland
11%
1881-1887, 1893-1895 Johnson N. Camden
11%
1935-1941 Rush Holt
11%
1956 William Laird III
11%
1887-1899 Charles J. Faulkner
0%
1911-1913 Clarence W. Watson
0%
1877-1881 Frank Hereford
0%
1925-1931 Guy D. Goff
0%
1942-1943 Hugh I. Shott
0%
1958 John D. Hoblitzell
0%
1883-1893 John E. Kenna
0%
1941-1942 Joseph Rosier
0%
1913-1919 Nathan Goff
0%
1863-1869 Peter G. Van Winkle
0%
1876-1877 Samuel Price
0%
1863-1871 Waitman T. Willey
0%
1911-1917 William E. Chilton
0%
No matching quizzes found
Score Distribution
Percent of People with Each Score
Percentile by Number Answered
Your Score History
You have not taken this quiz